| 000 | 00430 a2200157 4500 | ||
|---|---|---|---|
| 999 |
_c8460 _d8460 |
||
| 020 | _a9780855985981 | ||
| 050 | _aLC12.83 PRA 2007 | ||
| 100 |
_aAikman, Sheila _eeditor |
||
| 245 | _aPractising gender equality in education/ | ||
| 264 |
_aUK: _bOxfam; _c2007 |
||
| 300 | _avi,130p.; | ||
| 500 | _aIncludes index | ||
| 650 | _aGender equality in school | ||
| 700 |
_aUnterhalter, Elaine _eauthor |
||
| 942 |
_2lcc _cBK _h12.83 _iPRA _kLC |
||